000
00314nam a22001337a 4500
020
_a
978-81-318-0163-5
082
_a
510
_b
BAN/C
100
_a
R.K.BANSAL
245
_a
COMPREHENSIVE MATHEMATICS
_b
CLASS IX
260
_a
DELHI
_b
LAXMI PUBLICATIONS
300
_a
622
650
_a
MATHS FOR CLASS IX
_z
INDIA
942
_c
BK
999
_c
900
_d
900